The complete book of church growth / (Record no. 1765)
[ view plain ]
| 000 -LEADER | |
|---|---|
| fixed length control field | 00884nam a2200289 a 4500 |
| 001 - CONTROL NUMBER | |
| control field | 51829 |
| 003 - CONTROL NUMBER IDENTIFIER | |
| control field | GBCCL |
| 005 - DATE AND TIME OF LATEST TRANSACTION | |
| control field | 20241126110409.0 |
| 008 - FIXED-LENGTH DATA ELEMENTS--GENERAL INFORMATION | |
| fixed length control field | 820804s1981 ilua b 000 0 eng |
| 010 ## - | |
| -- | 80054490 |
| 020 ## - INTERNATIONAL STANDARD BOOK NUMBER | |
| International Standard Book Number | 0842304088 (pbk.) : |
| Terms of availability | $12.95 |
| 035 ## - SYSTEM CONTROL NUMBER | |
| System control number | (OCoLC)07769874 |
| 040 ## - CATALOGING SOURCE | |
| Original cataloging agency | DLC |
| Transcribing agency | DLC |
| Modifying agency | LBB |
| 049 ## - | |
| -- | LBBK |
| 050 0# - | |
| -- | BV652.25 |
| -- | .T684 |
| 082 0# - DEWEY DECIMAL CLASSIFICATION NUMBER | |
| Classification number | 254.5 |
| Edition information | 19 |
| Item number | TOW |
| 090 ## - LOCALLY ASSIGNED LC-TYPE CALL NUMBER (OCLC); LOCAL CALL NUMBER (RLIN) | |
| Classification number (OCLC) (R) ; Classification number, CALL (RLIN) (NR) | BV652.25 |
| Local cutter number (OCLC) ; Book number/undivided call number, CALL (RLIN) | .T684 1981 |
| 100 1# - MAIN ENTRY--PERSONAL NAME | |
| Personal name | Towns, Elmer L. |
| 9 (RLIN) | 410 |
| 245 14 - TITLE STATEMENT | |
| Title | The complete book of church growth / |
| Statement of responsibility, etc. | Elmer L. Towns, John N. Vaughan, David J. Seifert. |
| 260 ## - PUBLICATION, DISTRIBUTION, ETC. | |
| Place of publication, distribution, etc. | Wheaton, Ill. : |
| Name of publisher, distributor, etc. | Tyndale House Publishers, |
| Date of publication, distribution, etc. | c1981. |
| 300 ## - PHYSICAL DESCRIPTION | |
| Extent | 396 p. : |
| Other physical details | ill. ; |
| Dimensions | 23 cm. |
| 504 ## - BIBLIOGRAPHY, ETC. NOTE | |
| Bibliography, etc. note | Includes bibliographical references (p. 388-394). |
| 650 #0 - SUBJECT ADDED ENTRY--TOPICAL TERM | |
| Topical term or geographic name entry element | Church growth. |
| 9 (RLIN) | 291 |
| 700 1# - ADDED ENTRY--PERSONAL NAME | |
| Personal name | Vaughan, John N. |
| 9 (RLIN) | 3652 |
| 700 1# - ADDED ENTRY--PERSONAL NAME | |
| Personal name | Seifert, David J. |
| 9 (RLIN) | 3653 |
| 942 ## - ADDED ENTRY ELEMENTS (KOHA) | |
| Source of classification or shelving scheme | Dewey Decimal Classification |
| Koha item type | Books |
| Koha issues (borrowed), all copies | 9 |
| Withdrawn status | Lost status | Source of classification or shelving scheme | Damaged status | Not for loan | Home library | Current Library | Shelving location | Date acquired | Total checkouts | Total renewals | Full call number | Barcode | Date last seen | Date last checked out | Copy number | Price effective from | Koha item type |
|---|---|---|---|---|---|---|---|---|---|---|---|---|---|---|---|---|---|
| Dewey Decimal Classification | GRACE BIBLE COLLEGE | GRACE BIBLE COLLEGE | Ministry & Mission | 2017-05-25 | 9 | 1 | 254.5 TOW | 006531 | 2025-05-01 | 2023-03-07 | c.1 | 2017-05-25 | Books |